00633nam a2200157 a 450000100100000000500170001000800410002704000250006810000340009324500490012726000890017630000200026504900090028595201640029499900170045800002667220200930030338.0110324s19uu dr 000 p spa d aDO-SdBNPbspacBNPHU1 aCabral U., Luis Emilio953792 0aRisueño amanecer. /cLuis Emilio Cabral U. aSan Francisco de Macoris, República Dominicana :bTipografía Cervantes,c[s.f.]. a69 p. ;c22 cm. aBNPD 0010718PDaPDbPDcHDd2011-03-24iLF1l0o p26672-10r2020-06-25w2020-06-25yLFPDzPerteneció a la biblioteca personal de Martínez Boog.ZNo se presta c26164d26164